EL PECULADO CONTRA LA NACION : DELITO QUE QUEDO IMPUNE /

Bewaard in:
Bibliografische gegevens
Hoofdauteur: Burgoa, Ignacio (autor)
Formaat: Boek
Editie:3a edición
Onderwerpen:
Tags: Voeg label toe
Geen labels, Wees de eerste die dit record labelt!

MARC

LEADER 00000nam^a2200000^a^4500
001 000235999
005 20250521000000.0
009 20260310104831.462
035 |a 054842 
037 |a Acervo Xavier Clavigero 
082 |a 364. 1323  |b BUR 
100 |a Burgoa, Ignacio  |e (autor) 
245 1 3 |a EL PECULADO CONTRA LA NACION :  |b DELITO QUE QUEDO IMPUNE /  |c IGNACIO BURGOA ARIHUELA 
250 |a 3a edición 
264 |a MEXICO :  |b EDAMEX,  |c 1983 
300 |a 76 p. 
336 |a texto  |b txt  |2 rdacontenido 
337 |a sin mediación  |b n  |2 rdamedio 
338 |a volumen  |b nc  |2 rdasoporte 
649 |a XX 
650 |a Corrupción 
650 |a Delitos Oficiales -  |z México 
910 |a Fondo General 
920 |a Impresos - Libros 
930 |a Colección General 
905 |a 101 
901 |a 054842  |b IT1  |c ACC  |i 054842  |u 20250521 
902 |a https://opac.biblio.iteso.mx/vufind/Record/000235999